[Event "HUN-chT2 Erkel 2324"]
[Site "Hunagry"]
[Date "2024.04.07"]
[Round "7.6"]
[White "Vitalyos, Marton"]
[Black "Papp, Lorinc"]
[Result "1-0"]
[WhiteElo "2037"]
[BlackElo "1886"]
[PlyCount "65"]
[EventDate "2023.10.08"]
[EventType "team-tourn"]
[EventRounds "9"]
[EventCountry "HUN"]
[SourceTitle "EXT 2025"]
[Source "ChessBase"]
[SourceDate "2024.10.14"]
[SourceVersion "1"]
[SourceVersionDate "2024.10.14"]
[SourceQuality "1"]
[WhiteTeam "Hus"]
[BlackTeam "Godolloi SBE"]
[WhiteTeamCountry "HUN"]
[BlackTeamCountry "HUN"]

1. c4 Nf6 2. Nf3 e6 3. g3 d5 4. cxd5 exd5 5. Bg2 c6 6. 0-0 Bd6 7. b3 0-0 8. Bb2 h6 9. d3 Bf5 10. Nbd2 Re8 11. Re1 Bc5 12. e4 dxe4 13. Nxe4 Bxe4 14. dxe4 Qb6 15. Qc2 Nbd7 16. Bh3 Re7 17. Rad1 Rae8 18. e5 Nd5 19. a3 Qb5 20. Bf1 Qb6 21. b4 Nxb4 22. axb4 Bxb4 23. Re4 a5 24. Rg4 Nf8 25. Nd4 Ne6 26. Nf5 Rc7 27. Nxh6+ Kf8 28. Nf5 Bc5 29. Rh4 Kg8 30. Nd6 Rd8 31. Qh7+ Kf8 32. Qh8+ Ke7 33. Nf5# 1-0

[Event "HUN-chT2 Erkel 2324"]
[Site "Hunagry"]
[Date "2023.12.10"]
[Round "3.5"]
[White "Papp, Lorinc"]
[Black "Varga, Boldizsar1"]
[Result "1/2-1/2"]
[WhiteElo "1860"]
[BlackElo "1882"]
[PlyCount "24"]
[EventDate "2023.10.08"]
[EventType "team-tourn"]
[EventRounds "9"]
[EventCountry "HUN"]
[SourceTitle "EXT 2025"]
[Source "ChessBase"]
[SourceDate "2024.10.14"]
[SourceVersion "1"]
[SourceVersionDate "2024.10.14"]
[SourceQuality "1"]
[WhiteTeam "Godolloi SBE"]
[BlackTeam "TFSE"]
[WhiteTeamCountry "HUN"]
[BlackTeamCountry "HUN"]

1. e4 c5 2. c3 Nf6 3. e5 Nd5 4. Nf3 e6 5. Bc4 d6 6. d4 cxd4 7. cxd4 Nc6 8. 0-0 Nb6 9. Bb5 Bd7 10. Nc3 dxe5 11. Nxe5 Nxe5 12. dxe5 a6 1/2-1/2

[Event "HUN-chT2 Erkel 2223"]
[Site "Hungary"]
[Date "2023.04.23"]
[Round "9.8"]
[White "Papp, Lorinc"]
[Black "Kis, Jozsef"]
[Result "0-1"]
[WhiteElo "1766"]
[BlackElo "1949"]
[PlyCount "67"]
[EventDate "2022.11.20"]
[EventType "team-tourn"]
[EventRounds "9"]
[EventCountry "HUN"]
[SourceTitle "EXT 2025"]
[Source "ChessBase"]
[SourceDate "2024.10.14"]
[SourceVersion "1"]
[SourceVersionDate "2024.10.14"]
[SourceQuality "1"]
[WhiteTeam "GSBE"]
[BlackTeam "Egri Bolyky"]
[WhiteTeamCountry "HUN"]
[BlackTeamCountry "HUN"]

1. e4 g6 2. d4 d6 3. Nc3 Nf6 4. Bg5 Bg7 5. e5 Nfd7 6. f4 0-0 7. h4 Nb6 8. h5 dxe5 9. dxe5 f6 10. Qxd8 Rxd8 11. exf6 exf6 12. Bh4 Bf5 13. hxg6 hxg6 14. Rc1 Nc6 15. Bf2 Re8+ 16. Be2 Rad8 17. Kf1 Nd4 18. Bd1 Nc4 19. Bxd4 Rxd4 20. Nge2 Ne3+ 21. Kf2 Ng4+ 22. Kf1 Rd7 23. Nb5 Red8 24. Nbc3 Rd2 25. Ke1 Bf8 26. Ng3 Ne3 27. Nxf5 gxf5 28. Bf3 Nxc2+ 29. Kf1 Bc5 30. Bd5+ Kg7 31. Rh3 Ne3+ 32. Ke1 Rxb2 33. Rg3+ Ng4 34. Bf3 0-1

[Event "HUN-chT2 Erkel 2223"]
[Site "Hungary"]
[Date "2023.01.29"]
[Round "4.10"]
[White "Rabovszky, Gyorgy"]
[Black "Papp, Lorinc"]
[Result "0-1"]
[WhiteElo "1629"]
[BlackElo "1551"]
[PlyCount "74"]
[EventDate "2022.11.20"]
[EventType "team-tourn"]
[EventRounds "9"]
[EventCountry "HUN"]
[SourceTitle "EXT 2025"]
[Source "ChessBase"]
[SourceDate "2024.10.14"]
[SourceVersion "1"]
[SourceVersionDate "2024.10.14"]
[SourceQuality "1"]
[WhiteTeam "HASE"]
[BlackTeam "GSBE"]
[WhiteTeamCountry "HUN"]
[BlackTeamCountry "HUN"]

1. b3 d5 2. Bb2 c5 3. e3 Nf6 4. Nf3 g6 5. c4 e6 6. g4 Bg7 7. g5 Nh5 8. Bxg7 Nxg7 9. d4 Nc6 10. cxd5 exd5 11. Nc3 cxd4 12. exd4 Bg4 13. Be2 Ne6 14. Qd2 0-0 15. Ne5 Bxe2 16. Nxc6 bxc6 17. Nxe2 Nxg5 18. 0-0-0 Ne4 19. Qf4 Qa5 20. Kb2 Rfe8 21. h4 Qb5 22. Nc1 Qb4 23. h5 Qc3+ 24. Kb1 g5 25. Rhg1 Kf8 26. Rxg5 Nxg5 27. Qxg5 Qf3 28. Rd3 Qe4 29. Kb2 Re6 30. f3 Qe1 31. Kc2 Rae8 32. Rd2 Qe3 33. Qg3 c5 34. Rd3 Qe1 35. Qf4 cxd4 36. Rxd4 Rc8+ 37. Kb1 Rec6 0-1

[Event "HUN-chT2 Erkel 2223"]
[Site "Hungary"]
[Date "2022.11.20"]
[Round "1.10"]
[White "Papp, Lorinc"]
[Black "Andrassy, Laszlo"]
[Result "1/2-1/2"]
[WhiteElo "1467"]
[BlackElo "1675"]
[PlyCount "56"]
[EventDate "2022.11.20"]
[EventType "team-tourn"]
[EventRounds "9"]
[EventCountry "HUN"]
[SourceTitle "EXT 2025"]
[Source "ChessBase"]
[SourceDate "2024.10.14"]
[SourceVersion "1"]
[SourceVersionDate "2024.10.14"]
[SourceQuality "1"]
[WhiteTeam "GSBE"]
[BlackTeam "Vac"]
[WhiteTeamCountry "HUN"]
[BlackTeamCountry "HUN"]

1. e4 d6 2. d4 Nf6 3. Nc3 g6 4. Bg5 Bg7 5. e5 Nfd7 6. f4 0-0 7. Bc4 Nb6 8. Bb3 Nc6 9. Nf3 Na5 10. 0-0 Nxb3 11. axb3 f6 12. Bh4 c5 13. dxc5 dxc5 14. Qxd8 Rxd8 15. exf6 exf6 16. Ne4 Nd5 17. Nxc5 Nxf4 18. c3 Rd5 19. Ne4 g5 20. Bf2 Ne2+ 21. Kh1 g4 22. Nd4 Nxd4 23. Bxd4 f5 24. Nf6+ Bxf6 25. Bxf6 Rd2 26. c4 b6 27. Rad1 Rc2 28. Rc1 Rd2 1/2-1/2

[Event "HUN-chT U18"]
[Site "Budapest"]
[Date "2022.11.03"]
[Round "7.3"]
[White "Tothi, Viktoria"]
[Black "Papp, Lorinc"]
[Result "0-1"]
[WhiteElo "1141"]
[BlackElo "1467"]
[PlyCount "69"]
[EventDate "2022.10.31"]
[EventType "team-swiss"]
[EventRounds "7"]
[EventCountry "HUN"]
[SourceTitle "CBM 211 Extra"]
[Source "ChessBase"]
[SourceDate "2023.01.31"]
[SourceVersion "1"]
[SourceVersionDate "2023.01.31"]
[SourceQuality "1"]
[WhiteTeam "Tamasi Szabadido"]
[BlackTeam "Godollo"]
[WhiteTeamCountry "HUN"]
[BlackTeamCountry "HUN"]

1. e4 c6 2. d4 d5 3. Nc3 dxe4 4. Nxe4 Bf5 5. Qd3 e6 6. c3 Nd7 7. Qe3 Ngf6 8. Nxf6+ Nxf6 9. h3 Bd6 10. Nf3 Qc7 11. Bd3 Nd5 12. Qd2 Bg6 13. 0-0 0-0-0 14. c4 Nf4 15. Bxg6 Nxg6 16. c5 Bxc5 17. Qg5 Bxd4 18. Nxd4 Rxd4 19. Be3 Rd5 20. Qg3 Qxg3 21. fxg3 f6 22. Bxa7 Rb5 23. Bd4 Rd8 24. Bc3 Ne7 25. a4 Rbd5 26. Bb4 Nf5 27. Rf2 Nxg3 28. Kh2 Ne4 29. Re2 f5 30. g3 Rd4 31. Ba5 R8d5 32. Bc3 Nxc3 33. bxc3 Rd2 34. Rae1 e5 35. Rxd2 0-1